000 02226cam a22004694i 4500
003 PE-LiUPU
005 20250731172807.0
008 150617s1967 sp r 000 0 spa d
035 _a(Sirsi) a13399
040 _aPE-LiUPU
_bspa
_cPE-LiUPU
_erda
049 _aPRUA
082 0 4 _a225.08
_bN
_221
100 1 _aReuss, Joseph,
_eautor.
245 1 0 _aPrimera carta a Timoteo.
_n15 /
_cJoseph Reuss ; [versión de Miguel de Francisco].
264 1 _aBarcelona :
_bHerder,
_c1967.
300 _a99 páginas ;
_c20 centímetros
336 _atext
_2rdacontent
337 _aunmediated
_2rdamedia
338 _avolume
_2rdacarrier
490 0 _aEl nuevo testamento y su mensaje ;
_v15
505 0 _aLucha contra la falsa doctrina (1,3-20) -- Caracteres de los falsos maestros (1,3-7) -- La ley según el evangelio (1,3-7) -- Acción de gracias por haber sido elegido para predicar la buena nueva (1,12-17) -- Nueva exhortación a luchar contra los falsos maestros (1,18-20) -- Problemas de disciplina eclesiástica (2,1-3,16). el culto (2,1-15). los ministros (3,1-13). Razón de estas instrucciones: la grandeza del ministerio confiado a la iglesia -- Los falsos maestros y sus exigencias (4,1-11). Prohibición del matrimonio y abstención de determinados alimentos (4,1-5). Práctica cristiana (4,6-11) -- Instrucciones a timoteo (4,12-6,2) -- Vuelve a tratar de los falsos maestros (6,3-19).
526 _aSEG42
526 _aSEG41
526 _aSEG40
526 _aSEG39
526 _aP94
526 _aP87
526 _aP86
526 _aP85
526 _aP77
526 _aP76
526 _aP35
630 _aBiblia
_pN.T.
_pTimoteo
_xComentarios.
700 1 _aFrancisco, Miguel de,
_etraductor.
910 _ajck
_bjvq
_cjck
_d20150616
942 _2ddc
_cBOOK
949 _a225.08 N 15
_wDEWEY
_c1
_i11565
_lCCODEBUL1
_mBUL
_p30.00
_r0
_sY
_tBOOK
_u19760601
_xTEOLOGIA
_PP35
_0COMPRA
_o.STAFF. Colección Teología
994 _aC0
_bPEPRU
596 _a1
999 _a225.08 N 15
_wDEWEY
_c3761
_i11565
_d3761
_e2016-4-25
_f2021-11-11
_g5
_lCCODEBUL1
_mBUL
_n1
_p30.00
_q1
_r0
_sY
_tBOOK
_u2015-6-17
_xTEOLOGIA
_PP35
_0COMPRA
_o.STAFF. Colección Teología
980 _81
_gALBERTO SANCHEZ Responsable de Automatización